| 000 | 00694nam a2200229 4500 | ||
|---|---|---|---|
| 001 | 122649 | ||
| 003 | ES-MaACL | ||
| 005 | 20250803092546.0 | ||
| 007 | t| | ||
| 008 | 070214s1985 sp r ||||1| spa d | ||
| 020 | _a84-85762-54-1 | ||
| 100 | 1 |
_aPuig, Valentí. _994246 |
|
| 245 | 1 | 0 |
_aEn el bosque / _cValentí Puig ; traducción de J. J. Cercas. |
| 260 |
_aMadrid : _bTrieste, _c1985. |
||
| 300 |
_a151 p. ; _c17 cm. |
||
| 490 | 1 |
_aBiblioteca de autores españoles ; _v31 |
|
| 700 | 1 |
_aCercas, J. J. _937444 |
|
| 830 | 0 | 0 |
_aBiblioteca de autores españoles (Trieste) _v31 _9235635 |
| 852 |
_aES-MaACL _jL-10331 _bR.111872 |
||
| 942 | _2udc | ||
| 999 |
_c122649 _d122649 |
||